[Event "Titled Tuesday intern op 11th Jul Early"]
[Site "Chess.com INT"]
[Date "2023.07.11"]
[Round "1"]
[White "Daurimbetov, Azamat"]
[Black "Sattarov, Bobir"]
[Result "0-1"]
[WhiteElo "2139"]
[BlackElo "2366"]
[PlyCount "90"]
[EventDate "2023.07.11"]
[EventType "swiss (blitz)"]
[EventRounds "11"]
[EventCountry "USA"]
[SourceTitle "EXT 2024"]
[Source "ChessBase"]
[SourceDate "2023.10.10"]
[SourceVersion "1"]
[SourceVersionDate "2023.10.10"]
[SourceQuality "1"]

1. e4 e5 2. Nf3 Nc6 3. Bb5 a6 4. Bxc6 dxc6 5. d4 exd4 6. Qxd4 Qxd4 7. Nxd4 c5 8. Ne2 Bd6 9. Nbc3 Ne7 10. Bf4 Be6 11. 0-0-0 0-0-0 12. Bxd6 cxd6 13. Nf4 Rhe8 14. Nh5 Bg4 15. Nxg7 Rg8 16. f3 Rxg7 17. fxg4 Rxg4 18. g3 f5 19. Rhe1 f4 20. gxf4 Rxf4 21. Rg1 Ng6 22. b3 b5 23. Rge1 Ne5 24. a4 b4 25. Nd5 Rf2 26. Rf1 Rdf8 27. Ne7+ Kc7 28. Rxf2 Rxf2 29. Nf5 c4 30. Nxd6 c3 31. Nf5 Rxh2 32. a5 h5 33. Ne3 Kc6 34. Nd5 Kc5 35. Ne3 Ng4 36. Nc4 h4 37. Rd5+ Kc6 38. Kb1 h3 39. Rd6+ Kc7 40. Rg6 Rg2 41. Rg7+ Kd8 42. Nd6 h2 43. Nb7+ Ke8 44. Nd6+ Kf8 45. Rf7+ Kg8 0-1

[Event "Titled Tuesday intern op 11th Jul Early"]
[Site "Chess.com INT"]
[Date "2023.07.11"]
[Round "10"]
[White "Liyanage, Ranindu Dilshan"]
[Black "Daurimbetov, Azamat"]
[Result "0-1"]
[WhiteElo "2376"]
[BlackElo "2139"]
[PlyCount "78"]
[EventDate "2023.07.11"]
[EventType "swiss (blitz)"]
[EventRounds "11"]
[EventCountry "USA"]
[SourceTitle "EXT 2024"]
[Source "ChessBase"]
[SourceDate "2023.10.10"]
[SourceVersion "1"]
[SourceVersionDate "2023.10.10"]
[SourceQuality "1"]

1. d4 Nf6 2. Bf4 d5 3. e3 g6 4. Nc3 Bg7 5. Nb5 Na6 6. h3 c6 7. Nc3 Nc7 8. Nf3 0-0 9. Be2 b5 10. a4 b4 11. Na2 a5 12. c3 bxc3 13. bxc3 Ne4 14. 0-0 Ne6 15. Bh2 Ba6 16. Bxa6 Rxa6 17. Rb1 Rb6 18. Qc2 Nd6 19. Rxb6 Qxb6 20. Rb1 Qa6 21. Nd2 f5 22. Nc1 f4 23. e4 g5 24. Ncb3 Qe2 25. exd5 cxd5 26. Qd1 Qxd1+ 27. Rxd1 Rc8 28. Rc1 Nc4 29. Nf3 h6 30. g3 Rb8 31. Nbd2 fxg3 32. Bxg3 Nxd2 33. Nxd2 Rb2 34. Nf3 Ra2 35. c4 Rxa4 36. cxd5 Nxd4 37. Rc8+ Kf7 38. Ne5+ Bxe5 39. Bxe5 Nf3+ 0-1

[Event "Titled Tuesday intern op 20th Jun Early"]
[Site "Chess.com INT"]
[Date "2023.06.20"]
[Round "4"]
[White "Kobo, Ori"]
[Black "Daurimbetov, Azamat"]
[Result "0-1"]
[WhiteElo "2556"]
[BlackElo "2180"]
[PlyCount "60"]
[EventDate "2023.06.20"]
[EventType "swiss (blitz)"]
[EventRounds "11"]
[EventCountry "USA"]
[SourceTitle "EXT 2024"]
[Source "ChessBase"]
[SourceDate "2023.10.10"]
[SourceVersion "1"]
[SourceVersionDate "2023.10.10"]
[SourceQuality "1"]

1. e4 e6 2. d4 d5 3. Nc3 Bb4 4. Nge2 dxe4 5. a3 Bxc3+ 6. Nxc3 Nf6 7. Bg5 h6 8. Bh4 Nbd7 9. Nxe4 b6 10. Bb5 Bb7 11. Nxf6+ gxf6 12. Qg4 Qe7 13. 0-0-0 0-0-0 14. f3 Rhg8 15. Qf4 Rxg2 16. Bxd7+ Qxd7 17. Bxf6 Qc6 18. Rd2 Rdg8 19. d5 exd5 20. c3 Rxd2 21. Kxd2 Qb5 22. Kc1 Rg2 23. c4 Qb3 24. Qf5+ Kb8 25. Re1 a5 26. c5 Ba6 27. cxb6 Qxb6 28. Qxd5 Qxf6 29. Re8+ Bc8 30. Qb5+ Qb6 0-1